00674nam a22001937a 450000500170000001000150001702000260003203500140005803700090007208200080008110000300008924500640011926000360018327000460021930000240026594200220028999900190031195201500033020250625153806.0 aENG-145557 a9788197734496c950.00 aEN-129089 bDBAD a921 aSaboo, Rajendra K.982352 aMy Life's Journey: bA Personnal Memoir/cRajendra K. Saboo aKolkatabAlpha Beta Gammac2024 a150 Bacharpara Road (2)bKolkata e700063 axv, 470p.c24cm(hb) 2ddccENmSABh921 c211953d211953 001040708NFICaMbMd2025-06-25eDelivery of Books Act Divisiong950.00l0oSAB 921pEN-129089r2025-06-25 00:00:00t1v950.00w2025-06-25yEN